Statistics for Most Capped Footballers for Nigeria

Click here to take the quiz!

General Stats

  • This quiz has been taken 100 times
    (49 since last reset)
  • The average score is 5 of 25

Answer Stats

RankCapsYearsAnswer% Correct
7731993-2006Jay-Jay Okocha
74%
4902005-2019John Obi Mikel
63%
5861994-2011Nwankwo Kanu
63%
11062010-Ahmed Musa
47%
21012002-2015Vincent Enyeama
34%
21012001-2014Joseph Yobo
32%
14602015-Alex Iwobi
29%
10652002-2014Peter Odemwingie
24%
17582000-2012Yakubu Ayegbeni
21%
11621991-2002Finidi George
16%
21541992-2002Sunday Oliseh
16%
11621984-1998Rashidi Yekini
13%
21542004-2012Taye Taiwo
13%
20552015-Moses Simon
8%
9661983-1998Peter Rufai
8%
15592013-Kenneth Omeruo
5%
24532012-2018Ogenyi Onazi
5%
8681981-1995Stephen Keshi
5%
21541974-1981Christian Chukwu
3%
19571997-2006Garba Lawal
3%
5861975-1985Mudashiru Lawal
3%
24531974-1981Aloysious Atuegbu
0%
13612009-2018Elderson Echiéjilé
0%
15591972-1980Emmanuel Okala
0%
17581980-1991Henry Nwosu
0%

Score Distribution

Percentile by Number Answered

Percent of People with Each Score

Your Score History

You have not taken this quiz since the last reset